समय और विज्ञान/ (Record no. 201171)

MARC details
000 -LEADER
fixed length control field 00808nam a22001937a 4500
005 - DATE AND TIME OF LATEST TRANSACTION
control field 20240229172620.0
010 ## - LCCN (DPL NO)
LC control number HIN-126999
020 ## - INTERNATIONAL STANDARD BOOK NUMBER
International Standard Book Number 9789382150404
Terms of availability 395.00
035 ## - SYSTEM CONTROL NUMBER
System control number HN-99345
037 ## - SOURCE OF ACQUISITION
Source of stock number/acquisition DBAD/PUB
082 ## - DEWEY DECIMAL CLASSIFICATION NUMBER
Classification number 500
100 ## - MAIN ENTRY--PERSONAL NAME
Personal name सक्सेना,राजीव
245 ## - TITLE STATEMENT
Title समय और विज्ञान/
Statement of responsibility, etc राजीव सक्सेना
260 ## - PUBLICATION, DISTRIBUTION, ETC. (IMPRINT)
Place of publication, distribution, etc दिल्ली
Name of publisher, distributor, etc त्रिवेणी पब्लिकेशन
Date of publication, distribution, etc 2019
270 ## - ADDRESS
Address आर-2/29 रमेश पार्क गुरुद्वारा रोड लक्ष्मी नगर
City दिल्ली
Postal code 110092
300 ## - PHYSICAL DESCRIPTION
Extent 152 पृष्ट.;
Dimensions 23 सेमी (सजिल्द)
710 ## - ADDED ENTRY--CORPORATE NAME
9 (RLIN) 62610
942 ## - ADDED ENTRY ELEMENTS (KOHA)
Item type Hindi Books
Source of classification or shelving scheme Dewey Decimal Classification
Classification part 500
Call number suffix सक्सेना
Holdings
Withdrawn status Lost status Not for loan Collection code Home library Current library Date acquired Source of acquisition Cost, normal purchase price Full call number Barcode Copy number Cost, replacement price Koha item type
      Non-fiction Tri Nagar Tri Nagar 29/02/2024 DBAD/PUB 395.00 500 सक्सेना HN-99345 1 395.00 Hindi Books

© Delhi Public Library
Hit Counter
free hit counter